| 000 | 02319cab a2200217 4500 | ||
|---|---|---|---|
| 001 | ##L135107 | ||
| 008 | 060925n2006 000 0 eng u | ||
| 035 | _a(Sirsi) u135107 | ||
| 041 | 0 | _aeng | |
| 245 | 0 | 0 | _aCanary Riverside Development Pte Limited and others v Dr Christopher John Schilling and Mrs Joan M. Schilling and others |
| 260 | _c2006 | ||
| 520 | _aLT (LRX/65/2005), 16 December 2005. Concerns whether the procedural requirements of an underlease had been complied with by a landlord seeking to recover as part of its service charge its costs of resisting an application by a tenant under the Landlord and Tenant Act 1987 s34. Appeal by C against a LVT decision that an item claimed as a service charge was not payable by S. S's application to the tribunal for the appointment of a manager under s34 of the Act was dismissed and C claimed the costs of resisting the application as part of its service charge. The LVT held that: C had not established a contractual entitlement to be paid service charges including the costs in question; recovery was barred under the Commonhold and Leasehold Reform Act 2002 Sched 12 para 10(4), and that the lease provisions relied on by C were unenforceable under the Unfair Terms in Consumer Contracts Regulations 1999."Held": appeal dismissed. C had not complied with the procedural requirements of S's underlease when seeking to recover the costs of resisting an application under s34 of the 1987 Act. S had covenanted in their underlease to pay the building service charge percentage of the estimated building expenditure. Where there was a revision of that figure the tenant had to be notified in writing. S had only received a demand for a percentage of the costs of resisting their application. | ||
| 650 | 2 | 4 | _aCANARY RIVERSIDE PTE V SCHILLING |
| 650 | 2 | 4 | _aUNFAIR TERMS IN CONSUMER CONTRACTS REGULATIONS 1999 |
| 650 | 2 | 4 | _aLANDLORD AND TENANT ACT 1987 S24 |
| 650 | 2 | 4 | _aCOMMONHOLD AND LEASEHOLD REFORM ACT 2002 SCHED 12 PARA 10(4) |
| 651 | 4 |
_aEngland and Wales _y1543- |
|
| 690 | _aPROPERTY-RESIDENTIAL PROPERTY-LEASEHOLD RESIDENTIAL PROPERTY-RESIDENTIAL LANDLORD AND TENANT-RESIDENTIAL SERVICE CHARGES | ||
| 856 | 4 | 0 |
_uhttps://www.landstribunal.gov.uk/aspx/view.aspx?id=340 _zView the judgment free of charge at www.landstribunal.gov.uk... |
| 942 | _n0 | ||
| 999 |
_c77783 _d77783 |
||